Managing Maritime Safety / (Record no. 2777)
[ view plain ]
| 000 -LEADER | |
|---|---|
| fixed length control field | 02404nam a2200313 a 4500 |
| 006 - FIXED-LENGTH DATA ELEMENTS--ADDITIONAL MATERIAL CHARACTERISTICS--GENERAL INFORMATION | |
| fixed length control field | m |o go|ad |
| 007 - PHYSICAL DESCRIPTION FIXED FIELD--GENERAL INFORMATION | |
| fixed length control field | cr ||||||||||| |
| 008 - FIXED-LENGTH DATA ELEMENTS--GENERAL INFORMATION | |
| fixed length control field | 170901s2018 enka ob 001 0 eng d |
| 020 ## - INTERNATIONAL STANDARD BOOK NUMBER | |
| International Standard Book Number | 9780203712979 (ebk) |
| 040 ## - CATALOGING SOURCE | |
| Original cataloging agency | IMU Kochi Library |
| Language of cataloging | eng |
| 041 0# - LANGUAGE CODE | |
| Language code of text/sound track or separate title | eng |
| 044 ## - COUNTRY OF PUBLISHING/PRODUCING ENTITY CODE | |
| MARC country code | England |
| 082 00 - DEWEY DECIMAL CLASSIFICATION NUMBER | |
| Classification number | 363.123 |
| Edition number | 23 |
| 245 00 - TITLE STATEMENT | |
| Title | Managing Maritime Safety / |
| 264 #1 - Production, Publication, Distribution, Manufacture, and Copyright Notice | |
| Place of production, publication, distribution, manufacture | London ; |
| Name of producer, publisher, distributor, manufacturer | Routledge/Taylor & Francis Group, |
| Date of production, publication or copyright notice | 2018. |
| 300 ## - PHYSICAL DESCRIPTION | |
| Extent | 1 online resource |
| 504 ## - BIBLIOGRAPHY, ETC. NOTE | |
| Bibliography, etc | Includes bibliographical references and index. |
| 520 ## - SUMMARY, ETC. | |
| Summary, etc | "Shipping is a pillar of global trade, with 90% of the world's trade in goods and raw materials carried by ship. Despite the economic benefits this delivers, maritime operations can be dangerous, and when accidents occur the consequences are serious. Consequential outcomes from hazards at sea include loss of cargo, destruction of the marine environment, serious injuries, deaths and material damage. Managing Maritime Safety will give you a thorough understanding of contemporary maritime safety and its management. It provides varying viewpoints on traditional safety topics in conjunction with critical discussions of the international safety management code and its application. The book also offers new perspectives on maritime safety such as ship and equipment design for safety and the relevance of safety management systems, in particular the application of the International Safety Management code to remote controlled or autonomous ships. The authors all work in the maritime industry, as practitioners, in education, research, government and classification. The combination of wide-ranging and extensive experience provides an unprecedented span of views with a strong connection to the real issues in the maritime domain. This book sets out to provide much needed consolidated knowledge for university level students on maritime safety management, incorporating theoretical, historical, research, operational and design perspectives."--Provided by publisher. |
| 650 #0 - SUBJECT ADDED ENTRY--TOPICAL TERM | |
| Topical term or geographic name as entry element | Shipping |
| General subdivision | Security measures. |
| 650 #0 - SUBJECT ADDED ENTRY--TOPICAL TERM | |
| Topical term or geographic name as entry element | Merchant marine |
| General subdivision | Security measures. |
| 650 #0 - SUBJECT ADDED ENTRY--TOPICAL TERM | |
| Topical term or geographic name as entry element | Navigation |
| General subdivision | Safety measures. |
| 700 1# - ADDED ENTRY--PERSONAL NAME | |
| Personal name | Oltedal, Helle, |
| Relator term | Editor |
| 700 1# - ADDED ENTRY--PERSONAL NAME | |
| Personal name | Lutzhoft, Margareta, |
| Relator term | Editor |
| 852 ## - LOCATION/CALL NUMBER | |
| Location | IMU Kochi Library |
| 856 40 - ELECTRONIC LOCATION AND ACCESS | |
| Uniform Resource Identifier | <a href="http://www.taylorfrancis.com/books/9780203712979">http://www.taylorfrancis.com/books/9780203712979</a> |
| 904 ## - LOCAL DATA ELEMENT D, LDD (RLIN) | |
| CATALOGER | Rudra Ranjan |
| 905 ## - LOCAL DATA ELEMENT E, LDE (RLIN) | |
| VERIFIER | Rudra Ranjan |
| 942 ## - ADDED ENTRY ELEMENTS (KOHA) | |
| Item type | E-Book |
No items available.